MARC

LEADER 00000nam0a2200000 4500
001 316877
005 20231102002923.0
035 |a (RuTPU)RU\TPU\book\342345 
090 |a 316877 
100 |a 20160331d1925 m y0rusy50 ca 
101 0 |a rus 
102 |a RU 
105 |a y z 000zy 
200 1 |a Роль орудия в развитии человека  |e сборник статей  |f Э. Капп [и др.]  |g Коммунистический университет имени тов. Зиновьева ; под ред. и с предисл. И. С. Плотникова 
210 |a Ленинград  |c Рабочее издательство "Прибой"  |d 1925 
215 |a 176 с. 
316 |5 63413507: М-132567  |a На титульном листе владельческая подпись: "Бутаков", отсутствуют последние страницы 
317 |5 63413507: М132567  |a Поступила в НТБ в 1970 г. в составе книжного собрания профессора ТПИ И. Н. Бутакова 
606 1 |a Социальная философия  |2 stltpush  |3 (RuTPU)RU\TPU\subj\55674  |9 73682 
610 1 |a человек 
610 1 |a орудия труда 
610 1 |a возникновение 
610 1 |a машины 
610 1 |a техника 
610 1 |a владельческая надпись 
610 1 |a библиотека И. Н. Бутакова 
686 |a Ю6  |2 rubbk 
701 1 |a Капп  |b Э. 
701 1 |a Кунов  |b Г. 
701 1 |a Нуаре  |b Л.  |c немецкий писатель  |f 1829-1889  |g Людвиг  |2 stltpush  |3 (RuTPU)RU\TPU\pers\36207  |9 19287 
701 1 |a Эспинас  |b А. 
702 1 |a Плотников  |b И. С.  |4 340  |4 080 
712 0 2 |a Северо-Западная академия государственной службы (СЗАГС)  |c (Санкт-Петербург)  |c (1995-2010)  |2 stltpush  |3 (RuTPU)RU\TPU\col\15773 
801 1 |a RU  |b 63413507  |c 20160331 
801 2 |a RU  |b 63413507  |c 20190731  |g RCR 
942 |c BK